[Event "Stadtmeisterschaft Ulm/Neu-Ulm 2011"]
[Site "Ulm"]
[Date "2011.11.11"]
[Round "5"]
[White "Frank, Matthias"]
[Black "Stork, Simon"]
[Result "1/2-1/2"]
[WhiteElo "1458"]
[BlackElo "1714"]
[Annotator ",Fred"]
[PlyCount "113"]
[EventDate "2011.??.??"]
[TimeControl "40/7200:20/3600:1800"]

1. e4 e6 2. d4 d5 3. e5 c5 4. c3 Nc6 5. Be2 Qb6 6. Nf3 Nge7 7. Na3 Nf5 8. Nc2
Bd7 9. O-O Rc8 10. b3 cxd4 11. cxd4 Nb4 12. Nxb4 Bxb4 13. Bb2 Bb5 14. Bxb5+
Qxb5 15. Rc1 O-O 16. Rxc8 Rxc8 17. Qb1 Qa6 18. a4 b6 19. Rc1 h6 20. Rc2 Ne7 21.
Qc1 Qb7 22. Rxc8+ Qxc8 23. Qxc8+ Nxc8 24. Bc1 Ne7 25. Bd2 Bxd2 26. Nxd2 Nc6 27.
Nf3 g5 28. g4 h5 29. h3 hxg4 30. hxg4 Kg7 31. Kf1 f6 32. exf6+ Kxf6 33. Ke2 e5
34. dxe5+ Nxe5 35. Nh2 d4 36. f3 Ke6 37. Nf1 Kd5 38. Nd2 Kc5 39. Ne4+ Kb4 40.
Nxg5 Kxb3 41. f4 Nxg4 42. Kd3 Kxa4 43. Kxd4 Kb3 44. Ne4 a5 45. Nd2+ Kb4 46. Kd3
b5 47. Kc2 Ne3+ 48. Kb1 a4 49. Ka2 Kc3 50. Nb1+ Kd4 51. Ka3 Nc2+ 52. Kb2 a3+
53. Kxc2 a2 54. Kb2 axb1=Q+ 55. Kxb1 Ke4 56. Kc2 Kxf4 57. Kb3 1/2-1/2

[Event "Stadtmeisterschaft Ulm/Neu-Ulm 2011"]
[Site "Ulm"]
[Date "2011.11.24"]
[Round "6"]
[White "Walker, Kevin"]
[Black "Fett, Sabine"]
[Result "1/2-1/2"]
[WhiteElo "1651"]
[BlackElo "1709"]
[Annotator ",Fred"]
[PlyCount "43"]
[EventDate "2011.11.24"]

1. d4 c5 2. e4 cxd4 3. c3 dxc3 4. Nxc3 e6 5. Bc4 Nc6 6. Nf3 Bc5 7. Bf4 a6 8.
O-O Nge7 9. Rc1 O-O 10. Qe2 b5 11. Bb3 Nd4 12. Nxd4 Bxd4 13. Qd3 Nc6 14. Rfd1
f5 15. exf5 Kh8 16. Ne2 Bb6 17. fxe6 Qf6 18. Rxc6 dxc6 19. Bc2 Qh4 20. e7 Re8
21. Bg3 Qh6 22. Bf4 1/2-1/2

[Event "Stadtmeisterschaft Ulm/Neu-Ulm 2011"]
[Site "Ulm"]
[Date "2011.11.11"]
[Round "5"]
[White "Andritzke, Karl-Heinz"]
[Black "Schmidt, Waldemar"]
[Result "0-1"]
[WhiteElo "1470"]
[BlackElo "1615"]
[Annotator ",Fred"]
[PlyCount "93"]
[EventDate "2011.??.??"]
[TimeControl "40/7200:1800"]

1. f4 d5 2. e3 Nf6 3. b3 g6 4. Bb2 Bg7 5. Nf3 Bg4 6. Be2 Nc6 7. a3 Qd6 8. O-O
O-O-O 9. Ne5 Bxe2 10. Qxe2 Qe6 11. d4 Ne4 12. Nd2 Nxd2 13. Qxd2 f6 14. Nd3 h5
15. Nc5 Qd6 16. Qd3 a6 17. b4 f5 18. b5 Nb8 19. bxa6 Nxa6 20. Qb5 Qb6 21. Qxb6
cxb6 22. Ne6 Rdg8 23. Rfc1 Kd7 24. Nxg7 Rxg7 25. c4 Nc7 26. cxd5 Nxd5 27. Kf2
g5 28. g3 gxf4 29. gxf4 Rhg8 30. Rg1 Rxg1 31. Rxg1 Rxg1 32. Kxg1 Nxe3 33. Bc1
Nc2 34. Kg2 Nxd4 35. Be3 Nc2 36. Bc1 b5 37. Kf2 b4 38. axb4 Nxb4 39. Ke3 Nc6
40. Bb2 Kd6 41. Ba3+ Kd5 42. Bb2 b5 43. Bg7 b4 44. h4 b3 45. Bb2 e5 46. fxe5
Nxe5 47. Kf4 0-1

[Event "Stadtmeisterschaft Ulm/Neu-Ulm 2011"]
[Site "Ulm"]
[Date "2011.11.11"]
[Round "5"]
[White "Huppertz, Anton"]
[Black "Naafs, Uwe"]
[Result "0-1"]
[WhiteElo "1346"]
[BlackElo "1491"]
[Annotator ",Fred"]
[PlyCount "100"]
[EventDate "2011.??.??"]
[TimeControl "40/7200:1800"]

1. c4 e5 2. g3 c6 3. Bg2 Nf6 4. a3 d5 5. cxd5 Nxd5 6. d4 exd4 7. Qxd4 Qf6 8.
Qxf6 Nxf6 9. e3 Bf5 10. Nc3 Bd6 11. Nf3 Nbd7 12. O-O O-O 13. Re1 Rfe8 14. b4 a6
15. Bb2 Ne5 16. Nxe5 Bxe5 17. Nd1 Bxb2 18. Nxb2 Rad8 19. Rad1 Bc2 20. Rxd8 Rxd8
21. e4 Bb3 22. Re3 Be6 23. Rd3 Rxd3 24. Nxd3 Nd7 25. f4 Bc4 26. Bf1 Bxd3 27.
Bxd3 f6 28. Bc4+ Kf8 29. Be6 Ke7 30. Bb3 Kd6 31. Kf2 c5 32. bxc5+ Nxc5 33. Bc2
h6 34. Ke3 b5 35. Kd4 Ne6+ 36. Kc3 Kc5 37. Bb3 Nd4 38. Bd1 a5 39. Bg4 b4+ 40.
axb4+ axb4+ 41. Kb2 Kc4 42. e5 Kd5 43. exf6 gxf6 44. Bc8 Ke4 45. Bb7+ Ke3 46.
Bc8 Kf3 47. Bb7+ Kf2 48. g4 Ke3 49. f5 Kf4 50. h3 Kg3 0-1

[Event "Stadtmeisterschaft Ulm/Neu-Ulm 2011"]
[Site "Ulm"]
[Date "2011.11.11"]
[Round "5"]
[White "Simo von Koschitzky, Ignacio"]
[Black "Brischar, Rolf"]
[Result "0-1"]
[WhiteElo "1460"]
[BlackElo "1260"]
[Annotator ",Fred"]
[PlyCount "74"]
[EventDate "2011.??.??"]
[TimeControl "40/7200:1800"]

1. c4 Nf6 2. Nf3 g6 3. e3 Bg7 4. Nc3 d6 5. d4 O-O 6. Be2 e6 7. e4 Nc6 8. O-O
Ne7 9. Bg5 Nd7 10. Qc1 f6 11. Bh4 f5 12. exf5 exf5 13. Nd5 Bf6 14. Nxf6+ Nxf6
15. d5 Bd7 16. Re1 Kh8 17. Bd3 Neg8 18. Qc3 Re8 19. Ng5 Rxe1+ 20. Rxe1 Qf8 21.
Ne6 Bxe6 22. Rxe6 Kg7 23. b4 h6 24. f3 g5 25. Bf2 f4 26. Bd4 Re8 27. Bf5 c5 28.
dxc6 bxc6 29. c5 dxc5 30. Bxc5 Qf7 31. Rxe8 Qxe8 32. h3 Ne7 33. Qe5 Nxf5 34.
Qc7+ Kg6 35. Qxa7 Qe1+ 36. Kh2 Qg3+ 37. Kh1 Nh4 0-1

[Event "Stadtmeisterschaft Ulm/Neu-Ulm 2011"]
[Site "Ulm"]
[Date "2011.11.11"]
[Round "5"]
[White "Borowsky, Bernd"]
[Black "Ranade, Kedar"]
[Result "0-1"]
[WhiteElo "1249"]
[BlackElo "1519"]
[Annotator ",Fred"]
[PlyCount "106"]
[EventDate "2011.??.??"]
[TimeControl "40/7200:1800"]

1. e4 e5 2. Nf3 Nc6 3. Bb5 a6 4. Ba4 d6 5. d4 exd4 6. Nxd4 Bd7 7. O-O Nxd4 8.
Bxd7+ Qxd7 9. Qxd4 Nf6 10. Nc3 Be7 11. Re1 O-O 12. Bd2 Rfe8 13. Nd5 Nxd5 14.
Qxd5 c6 15. Qd3 Qe6 16. b3 Bf6 17. Rad1 Rad8 18. f3 Qe5 19. c3 Qc5+ 20. Kf1 g6
21. c4 Qb6 22. Bc3 Be5 23. g3 Bxc3 24. Qxc3 Qc5 25. Re2 b5 26. Red2 bxc4 27.
Qxc4 Qxc4+ 28. bxc4 Re6 29. Ke2 f5 30. Ke3 fxe4 31. fxe4 Kf7 32. Rf1+ Ke7 33.
Rb2 Rd7 34. Rb8 d5 35. cxd5 cxd5 36. Rff8 Rxe4+ 37. Kd3 Ra4 38. Rbe8+ Kd6 39.
Rf6+ Kc7 40. Rf2 Kb6 41. Rb2+ Kc5 42. Rc8+ Kd6 43. Rb6+ Ke7 44. Rb2 d4 45. Re2+
Kf6 46. Rce8 Ra3+ 47. Kc4 Rc3+ 48. Kb4 Rc6 49. Rf2+ Kg7 50. g4 d3 51. Ref8 d2
52. g5 Rb7+ 53. Ka5 Rb5+ 0-1

[Event "Stadtmeisterschaft Ulm/Neu-Ulm 2011"]
[Site "Ulm"]
[Date "2011.11.11"]
[Round "5"]
[White "Topalovic, Ljubisav"]
[Black "Radovic, Miodrag"]
[Result "1/2-1/2"]
[WhiteElo "1468"]
[BlackElo "1433"]
[Annotator ",Fred"]
[PlyCount "61"]
[EventDate "2011.??.??"]
[TimeControl "40/7200:1800"]

1. e4 d5 2. exd5 Qxd5 3. Nc3 Qd6 4. d4 c6 5. Nf3 Bg4 6. Be2 Nd7 7. O-O Ngf6 8.
Re1 g6 9. h3 Bxf3 10. Bxf3 Bg7 11. Be3 O-O 12. Ne4 Nxe4 13. Bxe4 Nf6 14. Bf3
Rfd8 15. c3 Rd7 16. Qc1 e6 17. Bf4 Qf8 18. a4 Rad8 19. Bg5 c5 20. dxc5 Qxc5 21.
Qf4 Qf5 22. Qxf5 exf5 23. g4 fxg4 24. Bxg4 Rd5 25. Bxf6 Bxf6 26. Rad1 b6 27.
Rxd5 Rxd5 28. Kf1 Ra5 29. Bd1 Kf8 30. Re3 Rf5 31. Rf3 1/2-1/2

[Event "Stadtmeisterschaft Ulm/Neu-Ulm 2011"]
[Site "Ulm"]
[Date "2011.11.25"]
[Round "6"]
[White "Fleischer, Frank"]
[Black "Smolny, Frieder"]
[Result "1/2-1/2"]
[WhiteElo "2140"]
[BlackElo "2090"]
[Annotator ",Fred"]
[PlyCount "46"]
[EventDate "2011.??.??"]
[TimeControl "40/7200:1800"]

1. e4 e6 2. d4 d5 3. e5 c5 4. c3 Bd7 5. Nf3 Qb6 6. a4 cxd4 7. a5 Qc7 8. cxd4
Nc6 9. Bd2 Nh6 10. Be2 Nf5 11. Bc3 Bb4 12. Bxb4 Nxb4 13. Nc3 a6 14. O-O O-O 15.
Qd2 Rfc8 16. Na4 Bxa4 17. Qxb4 Bb5 18. Bxb5 axb5 19. Qxb5 Qc4 20. Qb6 Ra6 21.
Qxb7 Rc7 22. Qb8+ Rc8 23. Qb7 Rc7 1/2-1/2

[Event "Stadtmeisterschaft Ulm/Neu-Ulm 2011"]
[Site "Ulm"]
[Date "2011.11.25"]
[Round "6"]
[White "Späth, Gerhard"]
[Black "Krassowizkij, Jaroslaw"]
[Result "0-1"]
[WhiteElo "1679"]
[BlackElo "2305"]
[Annotator ",Fred"]
[PlyCount "78"]
[EventDate "2011.??.??"]
[TimeControl "40/7200:1800"]

1. e4 c5 2. Nf3 d6 3. d4 cxd4 4. Nxd4 Nf6 5. Nc3 a6 6. Bg5 Nbd7 7. Qd2 h6 8.
Be3 b5 9. Bd3 Bb7 10. f3 e6 11. O-O-O Be7 12. g4 Rc8 13. Kb1 b4 14. Nce2 d5 15.
Ng3 Ne5 16. g5 hxg5 17. Bxg5 Nxe4 18. Nxe4 dxe4 19. Bxe7 Nxf3 20. Qxb4 Qxe7 21.
Qa4+ Qd7 22. Qxd7+ Kxd7 23. Nxf3 exd3 24. Rxd3+ Ke7 25. Rg1 Bxf3 26. Rxf3 Rxh2
27. c3 Rd8 28. Rgf1 f6 29. R1f2 Rxf2 30. Rxf2 g5 31. Kc2 g4 32. b4 f5 33. c4 g3
34. Rf1 Rf8 35. Kd3 f4 36. Ke4 g2 37. Rg1 f3 38. b5 f2 39. bxa6 f1=Q 0-1

[Event "Stadtmeisterschaft Ulm/Neu-Ulm 2011"]
[Site "Ulm"]
[Date "2011.11.25"]
[Round "6"]
[White "Mayer, Arnd"]
[Black "Hörsch, Heiner"]
[Result "1-0"]
[WhiteElo "1950"]
[BlackElo "2060"]
[Annotator ",Fred"]
[PlyCount "87"]
[EventDate "2011.??.??"]
[TimeControl "40/7200:1800"]

1. d4 Nf6 2. Nf3 g6 3. g3 Bg7 4. Bg2 O-O 5. O-O d6 6. c4 Nbd7 7. Nc3 c5 8. e3
a6 9. b3 Rb8 10. a4 cxd4 11. exd4 b6 12. Bb2 Bb7 13. d5 Qc7 14. Nd4 Rbe8 15.
Re1 Nb8 16. Rc1 Bc8 17. h3 e5 18. dxe6 fxe6 19. Ba3 Re7 20. Qd2 Rd8 21. Qe3
Ree8 22. Rcd1 e5 23. Nc2 Nc6 24. g4 Be6 25. Nd5 Bxd5 26. cxd5 Ne7 27. Qd3 Nd7
28. Nb4 Nc5 29. Qc4 a5 30. Nc6 Ra8 31. Nxe5 Rf8 32. Nf3 Qd7 33. Ng5 Bf6 34. Ne6
Rfe8 35. Qf4 Bh8 36. Qe3 Ra7 37. Nd4 Be5 38. f4 Bf6 39. Nb5 Rb7 40. Bxc5 bxc5
41. Qe6+ Qxe6 42. Rxe6 Kg7 43. Nxd6 Rxb3 44. g5 1-0

[Event "Stadtmeisterschaft Ulm/Neu-Ulm 2011"]
[Site "Ulm"]
[Date "2011.11.25"]
[Round "6"]
[White "Lüdke, Joshua"]
[Black "Gebhardt, Uwe"]
[Result "1-0"]
[WhiteElo "1700"]
[BlackElo "1976"]
[Annotator ",Fred"]
[PlyCount "105"]
[EventDate "2011.??.??"]
[TimeControl "40/7200:1800"]

1. e4 g6 2. d4 Bg7 3. Bc4 d6 4. Nf3 c6 5. O-O Nf6 6. e5 Nd5 7. Nc3 Nxc3 8. bxc3
d5 9. Bd3 O-O 10. Ba3 Re8 11. Rb1 b5 12. Nd2 a5 13. f4 Na6 14. f5 b4 15. fxg6
fxg6 16. cxb4 Nxb4 17. Bxb4 axb4 18. Rxb4 Rxa2 19. Nb3 Qc7 20. Qb1 Qa7 21. Nc5
Bxe5 22. c3 Bg7 23. Rb8 e5 24. Bxg6 hxg6 25. Qxg6 Qe7 26. Qxc6 Rxg2+ 27. Kxg2
Bh3+ 28. Kxh3 Rxb8 29. Qxd5+ Kh8 30. Rf5 Kh7 31. Rh5+ Kg6 32. Kg4 Rb6 33. dxe5
Bh6 34. Qg8+ Qg7 35. Qxg7+ Bxg7 36. Rg5+ Kh6 37. Ne4 Rb1 38. e6 Re1 39. Kf3 Bf8
40. Rg8 Ba3 41. Rc8 Kg6 42. Kf4 Rh1 43. Rg8+ Kh6 44. Rg2 Re1 45. c4 Be7 46. Ke5
Rc1 47. c5 Rc4 48. Kd5 Rc1 49. Re2 Kg6 50. Kc6 Rb1 51. Kc7 Bg5 52. Nd6 Kf6 53.
Kd7 1-0

[Event "Stadtmeisterschaft Ulm/Neu-Ulm 2011"]
[Site "Ulm"]
[Date "2011.11.25"]
[Round "6"]
[White "Deissler, Helmut"]
[Black "Heinrich, Klaus"]
[Result "0-1"]
[WhiteElo "1882"]
[BlackElo "1720"]
[Annotator ",Fred"]
[PlyCount "68"]
[EventDate "2011.??.??"]
[TimeControl "40/7200:1800"]

1. d4 d5 2. c4 e6 3. Nc3 f5 4. Nf3 c6 5. Bf4 Bd6 6. e3 Nf6 7. Bxd6 Qxd6 8. Bd3
Ne4 9. Ne5 g6 10. f3 Nxc3 11. bxc3 Nd7 12. Nxd7 Bxd7 13. f4 b6 14. O-O O-O 15.
a4 Rfc8 16. Qe2 Rc7 17. a5 Rac8 18. axb6 axb6 19. Ra6 c5 20. cxd5 exd5 21. Qb2
Qe7 22. Re1 cxd4 23. cxd4 Rc3 24. Qd2 b5 25. Rb6 Qb4 26. Qe2 Rxd3 27. Ra1 Qc3
28. Qa2 Bc6 29. Qa6 Ra8 30. Qxa8+ Bxa8 31. Rxa8+ Kg7 32. Ra7+ Kh6 33. h3 Qe1+
34. Kh2 Qxe3 0-1

[Event "Stadtmeisterschaft Ulm/Neu-Ulm 2011"]
[Site "Ulm"]
[Date "2011.11.25"]
[Round "6"]
[White "Hoffart, Alexander"]
[Black "Schneider, Jürgen"]
[Result "1-0"]
[WhiteElo "1802"]
[BlackElo "1713"]
[Annotator ",Fred"]
[PlyCount "69"]
[EventDate "2011.??.??"]
[TimeControl "40/7200:1800"]

1. e4 e5 2. d4 exd4 3. Qxd4 Nc6 4. Qe3 d6 5. Nc3 Nf6 6. Bd2 Be7 7. O-O-O a6 8.
Be2 O-O 9. Qg3 Re8 10. Nh3 Nd4 11. Rhe1 c5 12. Be3 Nxe2+ 13. Rxe2 Qa5 14. Nf4
b5 15. Nfd5 Nxd5 16. Nxd5 Qxa2 17. Nxe7+ Rxe7 18. Rxd6 Be6 19. Bxc5 Qa1+ 20.
Kd2 Qxb2 21. Bd4 Qb4+ 22. Ke3 Qa3+ 23. c3 Qc1+ 24. Rd2 g6 25. Qg5 Qe1+ 26. Re2
Qc1+ 27. Rd2 Qe1+ 28. Kf3 f5 29. e5 Qe4+ 30. Kg3 Rf8 31. f4 Qe1+ 32. Bf2 Qc1
33. Qxe7 Bc4 34. Rd8 Qxc3+ 35. Kh4 1-0

[Event "Stadtmeisterschaft Ulm/Neu-Ulm 2011"]
[Site "Ulm"]
[Date "2011.11.25"]
[Round "6"]
[White "Wolf, Rainer"]
[Black "Mattiessen, Irina"]
[Result "1-0"]
[WhiteElo "1976"]
[BlackElo "1580"]
[Annotator ",Fred"]
[PlyCount "29"]
[EventDate "2011.??.??"]
[TimeControl "40/7200:1800"]

1. Nf3 Nf6 2. e3 d5 3. Be2 c5 4. d4 e6 5. O-O Nc6 6. b3 b6 7. Bb5 Bd7 8. Qe2
Be7 9. Bb2 O-O 10. Ne5 Rc8 11. Nxd7 Nxd7 12. c4 cxd4 13. Bxc6 Rxc6 14. exd4 Qc7
15. Nc3 1-0

[Event "Stadtmeisterschaft Ulm/Neu-Ulm 2011"]
[Site "Ulm"]
[Date "2011.11.25"]
[Round "6"]
[White "Förderreuther, Jonas"]
[Black "Krauss, Rainer"]
[Result "0-1"]
[WhiteElo "1887"]
[BlackElo "1800"]
[Annotator ",Fred"]
[PlyCount "68"]
[EventDate "2011.??.??"]
[TimeControl "40/7200:1800"]

1. e4 e5 2. Nf3 Nc6 3. Bc4 Bc5 4. b4 Bxb4 5. c3 Be7 6. d4 d6 7. Qb3 Na5 8.
Bxf7+ Kf8 9. Qa4 Kxf7 10. Qxa5 b6 11. Qa4 Bd7 12. Qd1 exd4 13. cxd4 h6 14. e5
d5 15. e6+ Kxe6 16. Qe2+ Kd6 17. Bf4+ Kc6 18. Ne5+ Kb7 19. Nf7 Bb4+ 20. Nd2 Qf6
21. Nxh8 Qxf4 22. O-O Qxd2 23. Qe5 Nf6 24. Rfd1 Qb2 25. Rab1 Qxa2 26. Nf7 Re8
27. Qg3 Ne4 28. Qf4 Bd6 29. Nxd6+ Nxd6 30. Ra1 Qe2 31. Qc1 Nc4 32. Qc3 Qb2 33.
Qf3 Bc6 34. Rab1 Qxd4 0-1

[Event "Stadtmeisterschaft Ulm/Neu-Ulm 2011"]
[Site "Ulm"]
[Date "2011.11.25"]
[Round "6"]
[White "Kromer, Thomas"]
[Black "Vetter, Robert"]
[Result "1-0"]
[WhiteElo "1702"]
[BlackElo "1804"]
[Annotator ",Fred"]
[PlyCount "93"]
[EventDate "2011.??.??"]
[TimeControl "40/7200:1800"]

1. e4 c6 2. d4 d5 3. Nc3 dxe4 4. Nxe4 Bf5 5. Ng3 Bg6 6. h4 h6 7. h5 Bh7 8. Nf3
Nf6 9. Bd3 Bxd3 10. Qxd3 e6 11. Bd2 Nbd7 12. c4 Bd6 13. Bc3 Qc7 14. Ne4 Nxe4
15. Qxe4 Nf6 16. Qh4 Be7 17. Ne5 O-O 18. Qf4 Rad8 19. Rd1 c5 20. Nd3 Qxf4 21.
Nxf4 Ne4 22. d5 Bg5 23. Ne2 exd5 24. cxd5 Rfe8 25. O-O c4 26. Bb4 Rd7 27. Rd4
b5 28. d6 a6 29. Nc3 Nxc3 30. bxc3 Rc8 31. a4 a5 32. Bxa5 Ra8 33. Bc7 Bf6 34.
axb5 Bxd4 35. cxd4 Ra3 36. b6 Rb3 37. Rc1 c3 38. Kf1 f6 39. Ke2 Kf7 40. Kd3 Ke6
41. Kc4 Rb2 42. Kxc3 Rb5 43. Kc4 Rb2 44. Re1+ Kf5 45. Kd5 Rf7 46. Re7 Rf8 47.
d7 1-0

[Event "Stadtmeisterschaft Ulm/Neu-Ulm 2011"]
[Site "Ulm"]
[Date "2011.11.25"]
[Round "6"]
[White "Borkert, Reginald"]
[Black "Schluricke, Reinhard"]
[Result "1/2-1/2"]
[WhiteElo "1881"]
[BlackElo "1765"]
[Annotator ",Fred"]
[PlyCount "72"]
[EventDate "2011.??.??"]
[TimeControl "40/7200:1800"]

1. e4 d6 2. d4 Nf6 3. Nc3 Nc6 4. d5 Nb8 5. f4 e5 6. Nf3 Bg4 7. h3 Bxf3 8. Qxf3
a6 9. a4 Be7 10. Bd3 Nbd7 11. O-O c6 12. a5 cxd5 13. Nxd5 Nxd5 14. exd5 Bf6 15.
c3 O-O 16. Bd2 exf4 17. Qe4 g6 18. Bxf4 Be5 19. Be3 Rc8 20. Qf3 Qh4 21. Bf2 Qf4
22. Qxf4 Bxf4 23. Ra4 Be5 24. Rb4 Nc5 25. Bxc5 Rxc5 26. Rxb7 Rxa5 27. Bc4 Rc8
28. Bb3 Rb5 29. Rxb5 axb5 30. Ra1 b4 31. cxb4 Rb8 32. Ra4 Bxb2 33. Bc4 Bc3 34.
b5 Bd4+ 35. Kf1 Bc5 36. Ra6 Rb6 1/2-1/2

[Event "Stadtmeisterschaft Ulm/Neu-Ulm 2011"]
[Site "Ulm"]
[Date "2011.11.25"]
[Round "6"]
[White "Schwab, Matthias"]
[Black "Kelemen, Alexander"]
[Result "1-0"]
[WhiteElo "2001"]
[BlackElo "1618"]
[Annotator ",Fred"]
[PlyCount "27"]
[EventDate "2011.??.??"]
[TimeControl "40/7200:1800"]

1. e4 e5 2. Nf3 Nc6 3. d4 exd4 4. Bc4 Bc5 5. O-O Nge7 6. Ng5 Ne5 7. Nxf7 Nxf7
8. Bxf7+ Kxf7 9. Qh5+ g6 10. Qxc5 Nc6 11. Qd5+ Kg7 12. b4 a6 13. Bb2 Rf8 14. a4
1-0

[Event "Stadtmeisterschaft Ulm/Neu-Ulm 2011"]
[Site "Ulm"]
[Date "2011.11.25"]
[Round "6"]
[White "Hörsch, Florian"]
[Black "Baumann, Tobias"]
[Result "1-0"]
[WhiteElo "1775"]
[BlackElo "1621"]
[Annotator ",Fred"]
[PlyCount "55"]
[EventDate "2011.??.??"]
[TimeControl "40/7200:1800"]

1. e4 e5 2. Nf3 Nc6 3. Bb5 a6 4. Ba4 Nf6 5. O-O Nxe4 6. Re1 Nc5 7. Bxc6 dxc6 8.
d4 Ne6 9. Nxe5 Be7 10. c3 O-O 11. Be3 Re8 12. Nd2 c5 13. Ndf3 cxd4 14. Nxd4 c5
15. Nf5 Bf6 16. Ng4 Bg5 17. Qb3 Nf4 18. Rad1 Qc7 19. Bxf4 Rxe1+ 20. Rxe1 Qc6
21. Bxg5 Bxf5 22. Ne3 Re8 23. Qd1 Qe6 24. Nc2 Qc6 25. Rxe8+ Qxe8 26. Ne3 f6 27.
Nxf5 fxg5 28. Qd5+ 1-0

[Event "Stadtmeisterschaft Ulm/Neu-Ulm 2011"]
[Site "Ulm"]
[Date "2011.11.25"]
[Round "6"]
[White "Goda, Frederic"]
[Black "Lepschi, Albert"]
[Result "1/2-1/2"]
[WhiteElo "1643"]
[BlackElo "1768"]
[Annotator ",Fred"]
[PlyCount "88"]
[EventDate "2011.??.??"]
[TimeControl "40/7200:1800"]

1. d4 d5 2. Bf4 Nf6 3. e3 Bf5 4. Nf3 e6 5. c4 Bxb1 6. Rxb1 Bb4+ 7. Ke2 Bd6 8.
Qa4+ c6 9. Bxd6 Qxd6 10. c5 Qc7 11. g3 Nbd7 12. Bg2 e5 13. Rhc1 O-O 14. b4 a6
15. Qd1 Rfe8 16. Kf1 exd4 17. Nxd4 Qe5 18. a4 Ne4 19. b5 axb5 20. axb5 Ra2 21.
Bxe4 Qxe4 22. Kg1 Qg6 23. bxc6 bxc6 24. Rb7 Ne5 25. Qb3 Raa8 26. Qc2 Qf6 27.
Qf5 Qxf5 28. Nxf5 Kf8 29. Nd4 Ra5 30. Rc2 Rc8 31. Kf1 Nc4 32. Nb3 Rb5 33. Rxb5
cxb5 34. Ke2 Ke7 35. e4 dxe4 36. Ra2 Rc7 37. Ra6 f5 38. f3 exf3+ 39. Kxf3 Ne5+
40. Ke3 g5 41. Kd4 Nc6+ 42. Ke3 h5 43. Rb6 b4 44. Nd4 Nxd4 1/2-1/2

[Event "Stadtmeisterschaft Ulm/Neu-Ulm 2011"]
[Site "Ulm"]
[Date "2011.11.25"]
[Round "6"]
[White "Kühn, Bernd"]
[Black "Kuhn, Klaus-Peter"]
[Result "0-1"]
[WhiteElo "1662"]
[BlackElo "1417"]
[Annotator ",Fred"]
[PlyCount "78"]
[EventDate "2011.??.??"]
[TimeControl "40/7200:1800"]

1. Nf3 Nf6 2. g3 d5 3. Bg2 e6 4. O-O c5 5. d3 Nc6 6. Nbd2 e5 7. e4 d4 8. a4 h6
9. Nc4 Qc7 10. c3 Bg4 11. h3 Be6 12. cxd4 cxd4 13. b3 Nd7 14. Bd2 Nb6 15. Nh4
Qd7 16. Nxb6 axb6 17. Kh2 Be7 18. Nf3 g5 19. Ng1 h5 20. f4 gxf4 21. gxf4 exf4
22. Bxf4 Bd6 23. Bxd6 Qxd6+ 24. Kh1 Ne5 25. Nf3 Ke7 26. Rb1 Rag8 27. Rb2 Rg3
28. Nxe5 Qxe5 29. Rf3 Bg4 30. Rbf2 Bxf3 31. Rxf3 Rhg8 32. Rf5 Qg7 33. Qxh5 Rxg2
34. Re5+ Kf8 35. Re8+ Kxe8 36. Qb5+ Ke7 37. Qb4+ Kf6 38. Qd6+ Kg5 39. Kxg2 Kh5+
0-1

[Event "Stadtmeisterschaft Ulm/Neu-Ulm 2011"]
[Site "Ulm"]
[Date "2011.11.25"]
[Round "6"]
[White "Naafs, Uwe"]
[Black "Kinzig, Lars"]
[Result "0-1"]
[WhiteElo "1491"]
[BlackElo "1602"]
[Annotator ",Fred"]
[PlyCount "52"]
[EventDate "2011.??.??"]
[TimeControl "40/7200:1800"]

1. e4 g6 2. g3 Bg7 3. Bg2 c5 4. d3 Nc6 5. Ne2 d6 6. Nbc3 Nf6 7. O-O O-O 8. Rb1
Rb8 9. a4 a6 10. b3 b5 11. axb5 axb5 12. f4 b4 13. Na4 e5 14. Nb2 Bg4 15. Bf3
Bxf3 16. Rxf3 d5 17. exd5 Nxd5 18. Nc4 exf4 19. Bxf4 Nxf4 20. Rxf4 Nd4 21. Nxd4
Bxd4+ 22. Kf1 Qd7 23. Qf3 Rfe8 24. Re4 Rxe4 25. Qxe4 Re8 26. Qh4 Qd5 0-1

[Event "Stadtmeisterschaft Ulm/Neu-Ulm 2011"]
[Site "Ulm"]
[Date "2011.11.25"]
[Round "6"]
[White "Stork, Simon"]
[Black "Jahn, Manfred"]
[Result "1-0"]
[WhiteElo "1714"]
[BlackElo "1705"]
[Annotator ",Fred"]
[PlyCount "103"]
[EventDate "2011.??.??"]
[TimeControl "40/7200:1800"]

1. d4 d5 2. c4 c6 3. Nc3 dxc4 4. e4 b5 5. a4 b4 6. Na2 Nf6 7. e5 Nd5 8. Bxc4 e6
9. Nf3 a5 10. O-O Ba6 11. Qe2 Bxc4 12. Qxc4 Qb6 13. Be3 Nd7 14. Nc1 Rc8 15. Nd3
Be7 16. Nd2 Nxe3 17. fxe3 Bg5 18. Rf3 O-O 19. Ne4 Be7 20. Rc1 Rc7 21. Nec5 Bxc5
22. Nxc5 Nxc5 23. Qxc5 Qa6 24. Rf2 Rfc8 25. Rd2 Rd7 26. e4 h6 27. d5 Re8 28. d6
Rc8 29. b3 Kf8 30. Qd4 Ke8 31. Rc5 Qb6 32. Rdc2 Ra7 33. g3 Kd7 34. Qf2 Ke8 35.
Kg2 Rd7 36. Qf1 Ra7 37. Kh3 Qb7 38. Qf3 Qd7 39. Qg4 Kf8 40. Qh4 Kg8 41. g4 f6
42. Qg3 Ra6 43. exf6 gxf6 44. Rh5 Kh7 45. Qh4 Qg7 46. d7 Rd8 47. Rf2 Rxd7 48.
Rxf6 Rd3+ 49. Kg2 Rd2+ 50. Kf3 Rxh2 51. Rfxh6+ Qxh6 52. Rxh6+ 1-0

[Event "Stadtmeisterschaft Ulm/Neu-Ulm 2011"]
[Site "Ulm"]
[Date "2011.11.25"]
[Round "6"]
[White "Ranade, Kedar"]
[Black "Frank, Matthias"]
[Result "1/2-1/2"]
[WhiteElo "1519"]
[BlackElo "1458"]
[Annotator ",Fred"]
[PlyCount "128"]
[EventDate "2011.??.??"]
[TimeControl "40/7200:1800"]

1. e4 c6 2. d4 d5 3. exd5 cxd5 4. Nf3 Nf6 5. Be2 e6 6. c3 Be7 7. Bg5 O-O 8.
Nbd2 b6 9. Qc2 Ba6 10. Bxa6 Nxa6 11. Qd3 Nb8 12. Ne5 Nfd7 13. Nxd7 Nxd7 14.
Bxe7 Qxe7 15. O-O Qd6 16. Nf3 h6 17. Rfe1 a6 18. Re3 b5 19. Rc1 Rfc8 20. Qd2
Nb6 21. b3 Rc7 22. Ne5 Nd7 23. Rg3 Kf8 24. Qd3 Nf6 25. Re3 Ne4 26. c4 Nf6 27.
c5 Qe7 28. b4 Kg8 29. Qd2 Nd7 30. Nxd7 Qxd7 31. Rg3 Kh8 32. Qf4 Qe7 33. Qe5 Rg8
34. f4 Rc6 35. f5 Qf6 36. Qxf6 gxf6 37. Rxg8+ Kxg8 38. fxe6 fxe6 39. Kf2 Kg7
40. Kf3 Kg6 41. Kf4 Kf7 42. Ra1 Kg6 43. a4 bxa4 44. Rxa4 Kg7 45. Ra2 Kf7 46.
Rb2 Kf8 47. b5 axb5 48. Rxb5 Ke7 49. Rb7+ Ke8 50. Rh7 e5+ 51. dxe5 fxe5+ 52.
Kxe5 Rxc5 53. Rxh6 Rc2 54. Kxd5 Rxg2 55. Ke6 Kf8 56. Kf6 Rg1 57. h4 Kg8 58. h5
Ra1 59. Rg6+ Kh8 60. Kf7 Ra7+ 61. Kf6 Ra6+ 62. Kg5 Rxg6+ 63. hxg6 Kg7 64. Kf5
Kg8 1/2-1/2

[Event "Stadtmeisterschaft Ulm/Neu-Ulm 2011"]
[Site "Ulm"]
[Date "2011.11.25"]
[Round "6"]
[White "Sander, Lucia"]
[Black "Huppertz, Anton"]
[Result "1-0"]
[WhiteElo "1709"]
[BlackElo "1346"]
[Annotator ",Fred"]
[PlyCount "63"]
[EventDate "2011.??.??"]
[TimeControl "40/7200:1800"]

1. d4 d5 2. Nf3 Nf6 3. Bf4 Nc6 4. c4 dxc4 5. Nc3 a6 6. a4 Bf5 7. e3 Nb4 8. Rc1
Bd3 9. Ne5 Bxf1 10. Kxf1 Nbd5 11. Nxd5 Nxd5 12. Bg3 e6 13. Rxc4 c6 14. h4 Nf6
15. h5 Ne4 16. Bh4 Be7 17. Bxe7 Qxe7 18. Qc2 f5 19. Rxc6 O-O 20. Rc7 Qb4 21. g3
Qd2 22. Qxd2 Nxd2+ 23. Ke2 Ne4 24. h6 gxh6 25. Rxh6 Nf6 26. Rxb7 Ng4 27. Rhxh7
Rf7 28. Rhxf7 Nxe5 29. dxe5 Re8 30. Rfe7 Kf8 31. Rxe8+ Kxe8 32. Kd3 1-0